MEDICAL ROBOTICS (Record no. 29369)
[ view plain ]
| 000 -LEADER | |
|---|---|
| fixed length control field | 00284nam a22001337a 4500 |
| 003 - CONTROL NUMBER IDENTIFIER | |
| control field | SGT |
| 020 ## - INTERNATIONAL STANDARD BOOK NUMBER | |
| International Standard Book Number | 9781848213340 |
| 082 ## - DEWEY DECIMAL CLASSIFICATION NUMBER | |
| Classification number | 610.285.63,TRO |
| 100 ## - MAIN ENTRY--PERSONAL NAME | |
| Personal name | TROCCAZ,JOCELYNE |
| 245 ## - TITLE STATEMENT | |
| Title | MEDICAL ROBOTICS |
| 260 ## - PUBLICATION, DISTRIBUTION, ETC. (IMPRINT) | |
| Place of publication, distribution, etc | USA |
| Name of publisher, distributor, etc | WILEY AND SONS |
| Year of Publication | 2012 |
| 300 ## - PAGE DESCRIPTION | |
| No. of Pages | 412 |
| 942 ## - ADDED ENTRY ELEMENTS (KOHA) | |
| Source of classification or shelving scheme | Dewey Decimal Classification |
| Koha item type | Books |
| Withdrawn status | Lost status | Source of classification or shelving scheme | Damaged status | Use restrictions | Not for loan | Collection code | Home library | Current library | Shelving location | Date acquired | Vendor Name | Cost, normal purchase price | SGTU | Bill Number | Total Checkouts | Full call number | Accession No. (Barcode) | Date last seen | Bill Date | Koha item type |
|---|---|---|---|---|---|---|---|---|---|---|---|---|---|---|---|---|---|---|---|---|
| Dewey Decimal Classification | Restricted Access | Not For Loan | ENGINEERING | SGT Engineering Library | SGT Engineering Library | Reference Book | 25/01/2025 | SAVERA BOOK DISTRIBUTORS | 14634.00 | SGTU | 24-25-CEB643 | 610.285.63,TRO | FE9290 | 25/01/2025 | 23/11/2024 | Books |